Crónica de los chorrocientos mil días del barrio de Tepito /

Armando Ramírez (1952), escritor nacido en la ciudad de México, donde gran parte de su vida ha transcurrido en el barrio de Tepito. Ha sido guionista de varios programas de televisión, director de Hoy en la Cultura (1988) y ha colaborado en algunos periódicos como Excelsior y Unomásuno. Sus obras re...

Deskribapen osoa

Gorde:
Xehetasun bibliografikoak
Egile nagusia: Ramírez, Armando (autor)
Formatua: Liburua
Hizkuntza:gaztelania
Argitaratua: México : Novaro, 1976, c1973
Edizioa:5a edición
Saila:(Los Nuevos Valores)
Gaiak:
Etiketak: Etiketa erantsi
Etiketarik gabe, Izan zaitez lehena erregistro honi etiketa jartzen!

MARC

LEADER 00000nam^a2200000^a^4500
001 000182272
005 20250521000000.0
009 20260310102000.554
037 |a Acervo ITESO - Biblioteca 
041 |a ESP 
082 |a 711. 40972532  |b RAM 
100 |a Ramírez, Armando  |e (autor) 
245 1 0 |a Crónica de los chorrocientos mil días del barrio de Tepito /  |c A. Ramírez. 
250 |a 5a edición 
264 4 |a México :  |b Novaro,  |c 1976, c1973 
300 |a 211 p. 
336 |a texto  |b txt  |2 rdacontenido 
337 |a sin mediación  |b n  |2 rdamedio 
338 |a volumen  |b nc  |2 rdasoporte 
440 5 |a (Los Nuevos Valores) 
520 |a Armando Ramírez (1952), escritor nacido en la ciudad de México, donde gran parte de su vida ha transcurrido en el barrio de Tepito. Ha sido guionista de varios programas de televisión, director de Hoy en la Cultura (1988) y ha colaborado en algunos periódicos como Excelsior y Unomásuno. Sus obras recrean con un lenguaje coloquial la vida cotidiana de la cultura urbana marginal y su problemática, entre las que se encuentran Pu (1977); Violación en Polanco (1980); Tepito (1983); Quinceañera (1986); !Pantaletas! (2001); y otros. Algunos de sus textos adaptados para cine son Chin-Chin el teporocho y Noche de Califas. 
520 |a Texto integrado por los retratos de cinco personajes típicos de Tepito (el obrero, el ratero, la prostituta, el boxeador y el comerciante), más un capítulo destinado a describir la vecindad como espacio fundamental del barrio. 
649 |a XX 
650 |a Vecindades -  |z México (Ciudad) 
650 |a Barrios -  |z México (Ciudad) 
650 |a Espacios Sociales -  |z México (Ciudad) 
650 |a Urbanismo 
650 |a Sociología Urbana 
910 |a Fondo General 
920 |a Impresos - Libros 
930 |a Colección General 
905 |a 101 
901 |a 0500122202  |b IT1  |c ACC  |u 20250521 
902 |a https://opac.biblio.iteso.mx/vufind/Record/000182272